000
00356nam a2200157Ia 4500
003
OSt
005
20240311144510.0
008
170523s9999 xx 000 0 und d
020
_a
978-0077861605
040
_c
iimtu meerut
100
_a
EUN- RESINIK
245
0
_a
INTERNATIONAL FINANCIAL MANAGEMENT
260
_b
TMH
260
_c
2005
942
_2
ddc
_c
02
999
_c
1400
_d
1400